Brasilianische Fußballer A-Z - Statistiken

Allgemein
  • Dieses Quiz wurde 200 mal gespielt
  • Das Durchschnittsergebnis liegt bei 14 aus 23
Antwortstatistiken
Hint Antwort % Korrekt
P 3x Weltmeister, der vielen als bester Fußballer aller Zeiten gilt und über 1000 Tore erzielt hat, die meisten davon für den FC Santos Pele
90%
R Il Fenomeno, der 1994 und 2002 Weltmeister wurde, wobei er 2002 die beiden Final-Siegtore gegen Deutschland schoss, Ballon d'Or 1997 und 2002 Ronaldo
90%
A Stürmer u.a. für Bremen (1998-2004) und Schalke (2004/05), Torschützenkönig, Meister und Spieler des Jahres 2004, Spitzname "Kugelblitz" Ailton
89%
N Rekordtorschütze der brasilianischen Nationalmannschaft, spielte für Barca (2013–2017), PSG (2017–2023) und zurzeit für Al-Hillal Neymar
89%
K Spielmacher für AC Mailand (2003-2009, 2013/14) und Real Madrid (2009-2013), wurde 2007 nach dem Sieg der Champions League zum Weltfußballer gewählt Kaka
84%
E Torhüter, der seit 2017 für Manchester City spielt und mit ihnen letztes Jahr das Triple holte Ederson
83%
H Stürmer, der zwischen 2012 und 2016 für St Petersburg spielte, Stammspieler Brasiliens bei der Heim-WM 2014 und nach einem Comic-Helden benannt wurde Hulk
79%
C Rechtverteidiger für Rom, Milan, Sao Paulo und Palmeiras, der 1994 und 2002 Weltmeister wurde und Rekordnationalspieler der Selecao ist Cafu
77%
L Verteidiger (Leverkusen 2001-2004, Bayern 2004–2009, Inter 2009–2012), Weltmeister 2002, 3x Deutscher Meister und 2x Italienischer Meister Lucio
76%
O Stürmer, der zwischen 2012 und 2016 für Chelsea spielte und seitdem für Shanghai SIPG aufläuft, schoss bei der legendären 7:1-Niederlage der WM 2014 den Ehrentreffer Oscar
74%
V Flügelstürmer, der seit 2018 für Real Madrid spielt und mit ihnen zwei Meisterschaften und eine Champions League gewann Vinicius Jr
72%
Z Mittelfeldspieler für Leverkusen (1998–2002), Bayern (2002–2006) und Hamburg (2009–2011), Brasilianer mit den meisten Bundesliga-Spielen, mittlerweile in der Baller League aktiv Ze Roberto
71%
B Abwehrspieler, der zwischen 2008 und 2012 für Bayern spielte, bevor er für über 3 Jahre wegen Brandstiftung ins Gefängnis musste Breno
68%
D Außerverteidiger, der zwischen 1998 und 2011 beim BVB spielte, dort 2x Deutscher Meister und zur Vereinslegende wurde Dede
66%
G Außenstürmer, der häufig als zweitbester Brasilianer aller Zeiten gilt, zwischen 1953 und 1965 für Botafogo spielte und 1958 und 1962 Weltmeister wurde Garrincha
65%
M Mittelfeldspieler, der zwischen 2001 und 2006 für die Hertha spielte und später zum besten Herthaspieler aller Zeiten gewählt wurde, bekannt für seine bunten Haare und Schuhe Marcelinho
56%
W Linksverteidiger, der zwischen 2014 und 2021 für Bayer Leverkusen und seitdem für den FC Porto spielt Wendell
54%
S Mittelfeldspieler für Corinthians (1978–1984), Florenz (1984–1985), linker Aktivist gegen die Militärdiktatur, Kapitän der Nationalmannschaft bei den WMs 1982 und 1986 Socrates
38%
T Torhüter (u.a. Parma 90-93, Galatasaray 98-01), der zwischen 1990 und 1998 Stammhüter der Nationalmannschaft war, zZ Torwarttrainer von Liverpool Cláudio Taffarel
26%
J Rechtsverteidiger und Flügelspieler, der zwischen 1989 und 1992 für Leverkusen und danach bis 1995 für Bayern spielte und 1994 Weltmeister wurde Jorginho
26%
I Abwehrspieler, der 2019 für Atalanta Bergamo und seitdem für AS Rom spielt Ibañez
23%
F Spielmacher für SC International (1972–1980) und Roma (1980–1985), 3x brasilianischer und 1x italienischer Meister, Silberner Ball der WM 1982 Paulo Falcão
7%
Q Stürmer, der zwischen 1954 und 1964 über 300 Tore für Botafogo schoss und damit der viertbeste Torschütze des Vereins ist Quarentinha
0%
Keine übereinstimmenden Quizze gefunden
Verteilung der Resultate
Anzahl Personen mit jedem Resultat
Perzentil nach korrekt beantworteten Fragen
Ihre Resultats-Entwicklung
Sie haben dieses Quiz noch nicht gespielt